University Scholarship and Student Assistance Mechanism Basis for Policy Enhancement Program (Record no. 85962)

MARC details
000 -LEADER
fixed length control field 00933nam a22002657a 4500
003 - CONTROL NUMBER IDENTIFIER
control field URS
005 - DATE AND TIME OF LATEST TRANSACTION
control field 20251022131951.0
008 - FIXED-LENGTH DATA ELEMENTS--GENERAL INFORMATION
fixed length control field 250908b ||||| |||| 00| 0 eng d
040 ## - CATALOGING SOURCE
Transcribing agency URS
043 ## - GEOGRAPHIC AREA CODE
Geographic area code URS
050 ## - LIBRARY OF CONGRESS CALL NUMBER
Classification number TLB2339
Item number .P6.Sa52 2024
100 ## - MAIN ENTRY--PERSONAL NAME
Personal name San Juan, Debbie G.
245 ## - TITLE STATEMENT
Title University Scholarship and Student Assistance Mechanism Basis for Policy Enhancement Program
260 ## - PUBLICATION, DISTRIBUTION, ETC.
Date of publication, distribution, etc. February 2024
300 ## - PHYSICAL DESCRIPTION
Extent 153 leaves :
Other physical details illustrations ;
Dimensions 28 cm.
336 ## - CONTENT TYPE
Source rdacontent
Content type term text
337 ## - MEDIA TYPE
Source rdamedia
Media type term unmediated
338 ## - CARRIER TYPE
Source rdacarrier
Carrier type term volume
502 ## - DISSERTATION NOTE
Dissertation note Dissertation
Degree type Doctor of Education Major in Educational Management
Name of granting institution University of Rizal System-Morong
Year degree granted 2024
650 #0 - SUBJECT ADDED ENTRY--TOPICAL TERM
Topical term or geographic name entry element Scholarships
650 #0 - SUBJECT ADDED ENTRY--TOPICAL TERM
Topical term or geographic name entry element Student assistance
700 ## - ADDED ENTRY--PERSONAL NAME
Personal name Masinsin, Wilhelmina P.
Relator term degree supervisor
856 ## - ELECTRONIC LOCATION AND ACCESS
Materials specified Online Request for Student Unpublished Works
Uniform Resource Identifier <a href="https://forms.gle/7LqvGGkaDrUQqz429">https://forms.gle/7LqvGGkaDrUQqz429</a>
942 ## - ADDED ENTRY ELEMENTS (KOHA)
Source of classification or shelving scheme Library of Congress Classification
Koha item type Theses and dissertations
Holdings
Withdrawn status Source of classification or shelving scheme Damaged status Not for loan Collection code Home library Current library Date acquired Total Checkouts Full call number Barcode Date last seen Price effective from Koha item type
  Library of Congress Classification     Reference Morong Graduate Library Morong Graduate Library 09/08/2025   TLB2339 .P6.Sa52 2024 URSMOR-GL-00843 09/08/2025 09/08/2025 Theses and dissertations

University of Rizal System
Email us at univlibservices@urs.edu.ph

Visit our Website www.urs.edu.ph/library